[Event "Bad Woerishofen Sen"]
[Site "Bad Woerishofen"]
[Date "2001.??.??"]
[Round "1"]
[White "Villing, Dieter"]
[Black "Erler, Klaus-Juergen"]
[Result "1-0"]
[WhiteElo "2241"]
[BlackElo "1750"]
[Annotator "ChessOrg"]
[PlyCount "61"]
[EventDate "1998.03.05"]
[Source "ChessBase"]
[SourceDate "1998.04.29"]

1. e4 d6 2. d4 Nf6 3. Nc3 c6 4. Bg5 Qa5 5. Bxf6 gxf6 6. Nge2 Bg4 7. f3 Bh5 8.
Qd2 Nd7 9. h4 h6 10. Nc1 e6 11. Nb3 Qc7 12. O-O-O O-O-O 13. Kb1 Kb8 14. Ne2 Bg6
15. h5 Bh7 16. Nec1 d5 17. exd5 cxd5 18. Bd3 Bxd3 19. Nxd3 f5 20. g4 fxg4 21.
fxg4 Be7 22. Rhf1 Bg5 23. Qb4 Nf6 24. Ne5 Rh7 25. Nc5 Ka8 26. Rf3 Ne8 27. Rc3
Qe7 28. Qa4 Rc8 29. Ned7 Rc6 30. Ra3 a6 31. Qxc6 1-0

[Event "Bad Woerishofen Sen"]
[Site "Bad Woerishofen"]
[Date "2001.??.??"]
[Round "3"]
[White "Villing, Dieter"]
[Black "Greifzu, Helmut"]
[Result "1-0"]
[WhiteElo "2241"]
[BlackElo "2048"]
[Annotator "ChessOrg"]
[PlyCount "61"]
[EventDate "1998.03.05"]
[Source "ChessBase"]
[SourceDate "1998.04.29"]

1. e4 c6 2. d4 d5 3. e5 c5 4. dxc5 e6 5. Nf3 Bxc5 6. Bd3 Nc6 7. O-O f6 8. Qe2
Bd7 9. Nbd2 Qe7 10. Nb3 Bb6 11. Be3 Bxe3 12. Qxe3 fxe5 13. Nxe5 Nxe5 14. Qxe5
Nf6 15. Rae1 Rc8 16. f4 O-O 17. Kh1 Qf7 18. Nd4 Rce8 19. Nb5 Bxb5 20. Bxb5 Rc8
21. Bd3 Rc6 22. b4 Nd7 23. Qd4 b6 24. h3 Re8 25. c4 Qf6 26. Qxf6 Nxf6 27. cxd5
Nxd5 28. Bb5 Nxb4 29. Rb1 Rec8 30. Rxb4 Rc2 31. Bd7 1-0

[Event "Bad Woerishofen Sen"]
[Site "Bad Woerishofen"]
[Date "2001.??.??"]
[Round "7"]
[White "Villing, Dieter"]
[Black "Rueggeberg, Wilhelm"]
[Result "1-0"]
[WhiteElo "2241"]
[BlackElo "1830"]
[Annotator "ChessOrg"]
[PlyCount "61"]
[EventDate "1998.03.05"]
[Source "ChessBase"]
[SourceDate "1998.04.29"]

1. e4 c5 2. f4 Nc6 3. Nf3 d6 4. Bb5 Bd7 5. O-O Qb6 6. Nc3 e6 7. d3 Nf6 8. Qe1
Be7 9. h3 O-O 10. Bxc6 Bxc6 11. Kh2 Qc7 12. g4 g6 13. Qg3 Ne8 14. Bd2 Ng7 15.
Rae1 f6 16. Rg1 Rf7 17. h4 Raf8 18. h5 g5 19. h6 Ne8 20. f5 e5 21. Rg2 b5 22.
Reg1 b4 23. Nd1 d5 24. Nf2 dxe4 25. Nxe4 Qb7 26. Re2 Bxe4 27. Rxe4 Nd6 28. Re2
Rd8 29. Rge1 Qc6 30. Bxg5 fxg5 31. Nxe5 1-0

[Event "Bad Woerishofen Sen"]
[Site "Bad Woerishofen"]
[Date "2001.??.??"]
[Round "9"]
[White "Villing, Dieter"]
[Black "Vetter, Wilhelm"]
[Result "1-0"]
[WhiteElo "2241"]
[BlackElo "1798"]
[Annotator "ChessOrg"]
[PlyCount "109"]
[EventDate "1998.03.05"]
[Source "ChessBase"]
[SourceDate "1998.04.29"]

1. e4 d5 2. exd5 Qxd5 3. Nc3 Qa5 4. d4 c6 5. Nf3 Nf6 6. Bd2 Bg4 7. h3 Bxf3 8.
Qxf3 e6 9. Bd3 Be7 10. O-O O-O 11. Rfe1 Nbd7 12. a3 Qb6 13. Qe3 Nd5 14. Nxd5
cxd5 15. Rad1 Rfe8 16. Bc1 Bf6 17. c3 Rad8 18. Bc2 a6 19. Qd3 Nf8 20. Bf4 Qc6
21. a4 Rc8 22. Ra1 Qc4 23. Qxc4 Rxc4 24. Bd6 Rc6 25. Be5 Bxe5 26. Rxe5 Nd7 27.
Re2 h6 28. a5 Rc7 29. Ba4 Rd8 30. Ra3 Nf6 31. Bc2 Ne8 32. Rb3 Nd6 33. Bd3 Kf8
34. Rb4 Nc8 35. f4 Ne7 36. Kf2 Nc6 37. Ra4 g6 38. g4 Kg7 39. Kf3 Ne7 40. Ra1
Ra8 41. f5 gxf5 42. gxf5 Kf6 43. fxe6 fxe6 44. Rae1 Rc6 45. Rg2 Rg8 46. Rxg8
Nxg8 47. Rg1 Ne7 48. Kg4 Nf5 49. Kh5 Ng7+ 50. Kxh6 Nf5+ 51. Kh5 e5 52. Rg6+ Kf7
53. Bxf5 e4 54. Rxc6 bxc6 55. Kg5 1-0

[Event "Bad Woerishofen Sen"]
[Site "Bad Woerishofen"]
[Date "2001.??.??"]
[Round "2"]
[White "Weber, Siegfried"]
[Black "Barlo, Werner"]
[Result "0-1"]
[WhiteElo "1587"]
[BlackElo "1703"]
[Annotator "ChessOrg"]
[PlyCount "86"]
[EventDate "1998.03.05"]
[Source "ChessBase"]
[SourceDate "1998.04.29"]

1. e4 c5 2. Nf3 Nc6 3. d4 cxd4 4. Nxd4 g6 5. c4 Bg7 6. Be3 Nf6 7. Nc3 Qa5 8.
Nb3 Qd8 9. f3 d6 10. Qd2 O-O 11. Be2 b6 12. Rc1 Ba6 13. Nd4 Rc8 14. Nxc6 Rxc6
15. b3 Qd7 16. O-O Rd8 17. Rfd1 Rcc8 18. a4 Ne8 19. f4 Bb7 20. Bf3 Nc7 21. Qf2
Qe8 22. Nb5 Nxb5 23. axb5 e5 24. Re1 exf4 25. Bxf4 Be5 26. Bxe5 dxe5 27. Ra1
Ra8 28. Red1 Rxd1+ 29. Rxd1 Rd8 30. Ra1 Ra8 31. Qe3 Qe7 32. g4 Kg7 33. Kg2 Bc8
34. h4 h6 35. g5 h5 36. Rd1 Be6 37. Qd3 Qb4 38. Qd6 Qxb3 39. Qxe5+ Kg8 40. Qf6
Qxc4 41. Rd4 Qxb5 42. Bxh5 gxh5 43. g6 Qe2+ 0-1

[Event "Bad Woerishofen Sen"]
[Site "Bad Woerishofen"]
[Date "2001.??.??"]
[Round "5"]
[White "Weber, Siegfried"]
[Black "Eisenhuth, Matthias"]
[Result "0-1"]
[WhiteElo "1587"]
[BlackElo "1718"]
[Annotator "ChessOrg"]
[PlyCount "82"]
[EventDate "1998.03.05"]
[Source "ChessBase"]
[SourceDate "1998.04.29"]

1. e4 d5 2. exd5 Qxd5 3. Nc3 Qa5 4. d4 c6 5. Nf3 Nf6 6. Bd2 Qc7 7. h3 Bf5 8.
Nh4 Bg6 9. Nxg6 hxg6 10. Bd3 Nbd7 11. Qe2 e6 12. a3 Qb6 13. Qe3 Bd6 14. Na4 Qc7
15. c4 Nh5 16. g3 O-O-O 17. c5 Bxg3 18. fxg3 Nxg3 19. O-O-O Nxh1 20. Rxh1 Nf6
21. Be4 Rh4 22. Nc3 Qd7 23. Be1 Rhh8 24. Bf2 Rh6 25. Bg2 Re8 26. Bg3 Rh5 27.
Re1 Reh8 28. Qf4 Kd8 29. Qb8+ Qc8 30. Qxa7 Rg5 31. Ne2 Nd5 32. Bxd5 exd5 33.
Qb6+ Kd7 34. h4 Rg4 35. Nf4 Rxg3 36. Nxd5 Re8 37. Rxe8 Kxe8 38. Nc3 Rg1+ 39.
Kc2 Rg2+ 40. Kb3 Qe6+ 41. Ka4 Qc4+ 0-1

[Event "Bad Woerishofen Sen"]
[Site "Bad Woerishofen"]
[Date "2001.??.??"]
[Round "6"]
[White "Weber, Siegfried"]
[Black "Budde, Reinhard"]
[Result "1/2-1/2"]
[WhiteElo "1587"]
[BlackElo "1688"]
[Annotator "ChessOrg"]
[PlyCount "70"]
[EventDate "1998.03.05"]
[Source "ChessBase"]
[SourceDate "1998.04.29"]

1. e4 e5 2. Nf3 Nc6 3. Bc4 h6 4. d4 exd4 5. Nxd4 Ne5 6. Be2 d6 7. f4 Ng6 8. c4
c5 9. Nf3 Be7 10. Nc3 Nf6 11. O-O O-O 12. Qc2 Bd7 13. Bd2 Qc7 14. h3 a6 15. a4
Rab8 16. b3 Bc6 17. Nh2 Bd7 18. Be1 Qc8 19. Qd3 Qd8 20. Kh1 Bc6 21. Bg3 Qc7 22.
Bf3 b6 23. Rae1 Nd7 24. Qe3 Bf6 25. Nd5 Bxd5 26. exd5 Bd4 27. Qd3 Nf6 28. Ng4
Nxg4 29. Bxg4 Rbe8 30. Re4 Qd8 31. Rfe1 Rxe4 32. Qxe4 Qf6 33. Bh5 Nh8 34. Bg4
Ng6 35. Bh5 Nh8 1/2-1/2

[Event "Bad Woerishofen Sen"]
[Site "Bad Woerishofen"]
[Date "2001.??.??"]
[Round "8"]
[White "Weber, Siegfried"]
[Black "Manfeldt, Alfred"]
[Result "0-1"]
[WhiteElo "1587"]
[BlackElo "1730"]
[Annotator "ChessOrg"]
[PlyCount "102"]
[EventDate "1998.03.05"]
[Source "ChessBase"]
[SourceDate "1998.04.29"]

1. e4 e6 2. d4 b6 3. c4 Bb4+ 4. Nc3 Bb7 5. Bd3 Bxc3+ 6. bxc3 d6 7. f4 Nf6 8.
Qc2 Nbd7 9. Nf3 Qe7 10. O-O e5 11. Re1 Nh5 12. fxe5 dxe5 13. g3 O-O 14. Qe2 g6
15. a4 f6 16. Ba3 c5 17. d5 Rf7 18. Bc1 Ng7 19. Be3 g5 20. g4 h5 21. h3 hxg4
22. hxg4 Nf8 23. Nh2 Ne8 24. a5 Nd6 25. axb6 axb6 26. Rxa8 Bxa8 27. Ra1 Bb7 28.
Qb2 Nd7 29. Kg2 Rf8 30. Nf1 Qh7 31. Ng3 Ra8 32. Rxa8+ Bxa8 33. Qa1 Bb7 34. Qa4
Nf8 35. Qa7 Qc7 36. Nh5 Kf7 37. Ng3 Ng6 38. Qa1 Nh4+ 39. Kf2 Qc8 40. Nf5 Nhxf5
41. gxf5 Qh8 42. Qg1 Qh4+ 43. Kf3 Ba6 44. Qg3 Qxg3+ 45. Kxg3 Bxc4 46. Bc2 Nb5
47. Bd2 Na3 48. Bd1 Bd3 49. Bh5+ Ke7 50. Kf3 Nc4 51. Be3 Nd6 0-1

[Event "Bad Woerishofen Sen"]
[Site "Bad Woerishofen"]
[Date "2001.??.??"]
[Round "1"]
[White "Wegener, Hans-Karl"]
[Black "Harke, Horst"]
[Result "1-0"]
[WhiteElo "2089"]
[BlackElo "1706"]
[Annotator "ChessOrg"]
[PlyCount "83"]
[EventDate "1998.03.05"]
[Source "ChessBase"]
[SourceDate "1998.04.29"]

1. e4 c6 2. d4 d5 3. exd5 cxd5 4. Bd3 Nc6 5. Nf3 Nf6 6. c3 Bg4 7. Nbd2 e6 8.
Qa4 Bxf3 9. Nxf3 Bd6 10. Ne5 Bxe5 11. dxe5 Nd7 12. f4 Nc5 13. Qc2 Nxd3+ 14.
Qxd3 Qh4+ 15. g3 Qg4 16. Be3 h5 17. Bf2 h4 18. h3 hxg3 19. hxg4 Rxh1+ 20. Ke2
Rxa1 21. Bxg3 Rxa2 22. Qb1 Ra4 23. Qh7 O-O-O 24. Qxg7 d4 25. Qxf7 dxc3 26.
Qxe6+ Kb8 27. bxc3 Rad4 28. Kf1 Rd3 29. Bh4 Rd1+ 30. Ke2 R1d2+ 31. Ke3 R8d3+
32. Ke4 Rxc3 33. Qg8+ Kc7 34. e6 Rd4+ 35. Kf5 Rc5+ 36. Kg6 Ne5+ 37. fxe5 Rxg4+
38. Bg5 Rxe5 39. Qg7+ Kd6 40. Qxe5+ Kxe5 41. e7 Rxg5+ 42. Kxg5 1-0

[Event "Bad Woerishofen Sen"]
[Site "Bad Woerishofen"]
[Date "2001.??.??"]
[Round "3"]
[White "Wegener, Hans-Karl"]
[Black "Storkebaum, Karl-Heinz"]
[Result "1/2-1/2"]
[WhiteElo "2089"]
[BlackElo "1801"]
[Annotator "ChessOrg"]
[PlyCount "42"]
[EventDate "1998.03.05"]
[Source "ChessBase"]
[SourceDate "1998.04.29"]

1. e4 c5 2. Nf3 d6 3. d4 cxd4 4. Nxd4 Nf6 5. Nc3 a6 6. Be2 e5 7. Nf5 Bxf5 8.
exf5 d5 9. Bg5 Bb4 10. O-O Bxc3 11. bxc3 Nbd7 12. c4 dxc4 13. Bxc4 Qc7 14. Qe2
O-O 15. Bb3 Rfe8 16. Bh4 Qc6 17. Rfd1 Rac8 18. Rac1 Nc5 19. g4 h6 20. Bxf6 Nxb3
21. cxb3 Qxf6 1/2-1/2

[Event "Bad Woerishofen Sen"]
[Site "Bad Woerishofen"]
[Date "2001.??.??"]
[Round "5"]
[White "Wegener, Hans-Karl"]
[Black "Czeitschner, Roland"]
[Result "1/2-1/2"]
[WhiteElo "2089"]
[BlackElo "1808"]
[Annotator "ChessOrg"]
[PlyCount "58"]
[EventDate "1998.03.05"]
[Source "ChessBase"]
[SourceDate "1998.04.29"]

1. e4 e5 2. Nf3 Nf6 3. Nxe5 d6 4. Nf3 Nxe4 5. Qe2 Qe7 6. d3 Nf6 7. Nc3 c6 8.
Ne4 Nxe4 9. dxe4 Bg4 10. Bd2 Nd7 11. h3 Bh5 12. O-O-O O-O-O 13. Qe3 Bxf3 14.
gxf3 Kb8 15. Kb1 f6 16. h4 h5 17. Be2 g6 18. Qa3 Ne5 19. Be3 b6 20. Rhg1 d5 21.
Qxe7 Bxe7 22. exd5 cxd5 23. f4 Nc4 24. Rxg6 Nxe3 25. fxe3 f5 26. Rg7 Bc5 27.
Ba6 Bxe3 28. Rb7+ Ka8 29. Rf7 Bxf4 1/2-1/2

[Event "Bad Woerishofen Sen"]
[Site "Bad Woerishofen"]
[Date "2001.??.??"]
[Round "7"]
[White "Wegener, Hans-Karl"]
[Black "Vetter, Wilhelm"]
[Result "0-1"]
[WhiteElo "2089"]
[BlackElo "1798"]
[Annotator "ChessOrg"]
[PlyCount "66"]
[EventDate "1998.03.05"]
[Source "ChessBase"]
[SourceDate "1998.04.29"]

1. e4 e5 2. Nf3 Nc6 3. Bb5 a6 4. Ba4 Nf6 5. O-O b5 6. Bb3 Be7 7. d4 exd4 8. e5
Ng4 9. Nxd4 Ngxe5 10. Nf5 O-O 11. Nxe7+ Nxe7 12. f4 N5c6 13. f5 d6 14. f6 gxf6
15. Bh6 Ng6 16. Bxf8 Kxf8 17. Nc3 Nce5 18. Ne4 f5 19. Ng3 f4 20. Qh5 Kg7 21.
Nf5+ Kh8 22. Rae1 Qf6 23. g4 Be6 24. Qh3 Qg5 25. Bxe6 fxe6 26. Nd4 Re8 27. Nf3
Qxg4+ 28. Qxg4 Nxg4 29. h3 Ne3 30. Rf2 e5 31. h4 Rg8 32. Rh2 Nxh4+ 33. Kf2 Ng4+
0-1

[Event "Bad Woerishofen Sen"]
[Site "Bad Woerishofen"]
[Date "2001.??.??"]
[Round "9"]
[White "Wegener, Hans-Karl"]
[Black "Ganslmayer, Herbert"]
[Result "1-0"]
[WhiteElo "2089"]
[BlackElo "1741"]
[Annotator "ChessOrg"]
[PlyCount "91"]
[EventDate "1998.03.05"]
[Source "ChessBase"]
[SourceDate "1998.04.29"]

1. e4 d5 2. exd5 Nf6 3. d4 Nxd5 4. Nf3 Bg4 5. h3 Bh5 6. g4 Bg6 7. Ne5 e6 8.
Nxg6 hxg6 9. Nd2 Nd7 10. Ne4 c6 11. c3 Be7 12. Bd2 Qc7 13. Qf3 N7f6 14. Bd3
Nxe4 15. Qxe4 O-O-O 16. O-O-O g5 17. Qe5 Qxe5 18. dxe5 Nf4 19. Bxf4 gxf4 20.
Be4 Bc5 21. h4 Rxd1+ 22. Kxd1 Bxf2 23. h5 Be3 24. Ke2 Kc7 25. Rd1 Rh6 26. Rh1
Kd7 27. g5 Rh8 28. h6 gxh6 29. gxh6 Ke7 30. h7 f5 31. exf6+ Kxf6 32. Rh6+ Kf7
33. Kf3 Bc1 34. b3 a6 35. Rh4 Bd2 36. Rg4 Bxc3 37. Rxf4+ Bf6 38. Ke3 Ke7 39.
Kd3 Rd8+ 40. Kc4 Be5 41. Rg4 Rd4+ 42. Kc5 Kd7 43. Bxc6+ Kc7 44. Rxd4 b6+ 45.
Kc4 Kxc6 46. Re4 1-0

[Event "Bad Woerishofen Sen"]
[Site "Bad Woerishofen"]
[Date "2001.??.??"]
[Round "1"]
[White "Weibrecht, Carl"]
[Black "Fehres, Werner"]
[Result "0-1"]
[WhiteElo "1600"]
[BlackElo "1816"]
[Annotator "ChessOrg"]
[PlyCount "108"]
[EventDate "1998.03.05"]
[Source "ChessBase"]
[SourceDate "1998.04.29"]

1. c4 f5 2. Nc3 Nf6 3. d3 d6 4. Nf3 e5 5. e3 c6 6. Be2 Be7 7. Bd2 Be6 8. Ng5
Bg8 9. Qb3 Qd7 10. O-O h6 11. Nh3 g5 12. f3 Na6 13. Qd1 Nc7 14. Rc1 Ne6 15. Nf2
h5 16. h3 Bh7 17. b4 O-O 18. b5 d5 19. a4 d4 20. Nb1 c5 21. e4 f4 22. a5 Bg6
23. Na3 Kh7 24. Qe1 Nd8 25. Kh1 Bf7 26. Rg1 Be6 27. g4 Nf7 28. Rg2 Rg8 29. Rh2
Nh6 30. Qf1 Rg7 31. h4 gxh4 32. Rxh4 Nxe4 33. Rxh5 Ng3+ 34. Kh2 Nxf1+ 35. Rxf1
Rg5 36. Rxg5 Bxg5 37. Ne4 Be7 38. Rh1 Kg6 39. Rg1 Rh8 40. Kg2 Nf7 41. Kf1 Qc8
42. Nc2 Rh3 43. Be1 Qh8 44. Bf2 Ng5 45. Ne1 Qd8 46. a6 bxa6 47. bxa6 Qb6 48.
Kg2 Rh7 49. Nc2 Bc8 50. Ra1 Bxa6 51. Ra4 Bc8 52. Be1 a6 53. Bd2 Qb3 54. Nxc5
Qxc2 0-1

[Event "Bad Woerishofen Sen"]
[Site "Bad Woerishofen"]
[Date "2001.??.??"]
[Round "3"]
[White "Weibrecht, Carl"]
[Black "Malik, Rosemarie"]
[Result "1-0"]
[WhiteElo "1600"]
[BlackElo "1700"]
[Annotator "ChessOrg"]
[PlyCount "79"]
[EventDate "1998.03.05"]
[Source "ChessBase"]
[SourceDate "1998.04.29"]

1. c4 b6 2. d4 e6 3. Nc3 Bb4 4. Bd2 Nf6 5. a3 Be7 6. e4 Bb7 7. e5 Ne4 8. Nxe4
Bxe4 9. Nf3 O-O 10. Be2 c5 11. dxc5 Bxc5 12. b4 Be7 13. O-O d6 14. Bf4 d5 15.
Nd4 dxc4 16. Bxc4 Nc6 17. Nb5 Qxd1 18. Raxd1 Rad8 19. Nd6 h6 20. f3 Bc2 21. Rd2
Ba4 22. b5 Na5 23. Rc1 Nb3 24. Bxb3 Bxb3 25. Rc7 Bxd6 26. exd6 Ba4 27. Rb2 Ra8
28. Rb4 Bd1 29. Rd4 Be2 30. a4 a6 31. Kf2 g5 32. Bg3 Bxb5 33. axb5 axb5 34. d7
Ra2+ 35. Ke3 Ra3+ 36. Rd3 b4 37. Rc8 Rxd3+ 38. Kxd3 b3 39. Rxf8+ Kxf8 40. d8=Q+
1-0

[Event "Bad Woerishofen Sen"]
[Site "Bad Woerishofen"]
[Date "2001.??.??"]
[Round "5"]
[White "Weibrecht, Carl"]
[Black "Ganslmayer, Herbert"]
[Result "1-0"]
[WhiteElo "1600"]
[BlackElo "1741"]
[Annotator "ChessOrg"]
[PlyCount "95"]
[EventDate "1998.03.05"]
[Source "ChessBase"]
[SourceDate "1998.04.29"]

1. c4 e6 2. Nc3 d5 3. d4 f5 4. cxd5 exd5 5. Nf3 Nf6 6. Bg5 c6 7. e3 Bd6 8. Bd3
O-O 9. Qc2 g6 10. h4 Qe8 11. O-O-O Ne4 12. Bh6 Rf7 13. h5 Nd7 14. hxg6 hxg6 15.
Bxe4 fxe4 16. Ng5 Rf5 17. g4 Rf6 18. Rdf1 Nf8 19. Rhg1 Ne6 20. f4 Nxg5 21. Bxg5
Rf7 22. Qf2 Rh7 23. Ne2 Be6 24. Ng3 Rc8 25. Kb1 Qd7 26. f5 Bf7 27. Bf4 Rf8 28.
Rh1 Bxf4 29. Qxf4 Be8 30. Qe5 Qg7 31. f6 Rxh1 32. fxg7 Rhxf1+ 33. Nxf1 Rxf1+
34. Kc2 Bf7 35. Qb8+ Kxg7 36. Qxb7 Rf2+ 37. Kc3 c5 38. dxc5 Rf3 39. Kd4 Kf6 40.
Qxa7 Rf2 41. b3 Rd2+ 42. Kc3 Rd3+ 43. Kc2 Rxe3 44. c6 Rd3 45. Qf2+ Rf3 46. Qh4+
Ke5 47. c7 Be6 48. Qe7 1-0

[Event "Bad Woerishofen Sen"]
[Site "Bad Woerishofen"]
[Date "2001.??.??"]
[Round "7"]
[White "Weibrecht, Carl"]
[Black "Philipp, Guenther"]
[Result "1-0"]
[WhiteElo "1600"]
[BlackElo "1752"]
[Annotator "ChessOrg"]
[PlyCount "91"]
[EventDate "1998.03.05"]
[Source "ChessBase"]
[SourceDate "1998.04.29"]

1. c4 c6 2. Nc3 g6 3. d4 Bg7 4. Nf3 d5 5. Bd2 Nf6 6. e3 O-O 7. Be2 Re8 8. O-O
Qc7 9. cxd5 cxd5 10. Rc1 Qd8 11. Nb5 Nc6 12. a4 a6 13. Na3 Ne4 14. b4 Bd7 15.
b5 Nxd2 16. Nxd2 axb5 17. Nxb5 Rc8 18. Bf3 Na5 19. Bxd5 Bxb5 20. Rxc8 Qxc8 21.
axb5 e6 22. Bf3 Qc7 23. Ne4 b6 24. Be2 Rc8 25. h3 f5 26. Ng5 Qd6 27. Qb1 h6 28.
Nf3 Qc7 29. Qa2 Kf7 30. d5 Ke7 31. dxe6 Qc2 32. Qxc2 Rxc2 33. Bd3 Rc3 34. Bb1
Kxe6 35. Ba2+ Ke7 36. Nh4 Kf6 37. Rd1 Bf8 38. Rd7 Bc5 39. Rf7+ Kg5 40. g3 Rc1+
41. Kg2 Rc2 42. Nf3+ Kh5 43. g4+ fxg4 44. hxg4+ Kxg4 45. Rf4+ Kh5 46. Rh4# 1-0

[Event "Bad Woerishofen Sen"]
[Site "Bad Woerishofen"]
[Date "2001.??.??"]
[Round "9"]
[White "Weibrecht, Carl"]
[Black "Scheerer, Helmut"]
[Result "0-1"]
[WhiteElo "1600"]
[BlackElo "1784"]
[Annotator "ChessOrg"]
[PlyCount "64"]
[EventDate "1998.03.05"]
[Source "ChessBase"]
[SourceDate "1998.04.29"]

1. c4 e5 2. Nc3 Nf6 3. d3 Nc6 4. Nf3 h6 5. Bd2 Be7 6. e3 d6 7. Be2 O-O 8. O-O
Nh7 9. Nd5 f5 10. Nxe7+ Qxe7 11. b4 Bd7 12. b5 Nd8 13. g3 Ne6 14. Nh4 Be8 15.
d4 exd4 16. exd4 Nxd4 17. Re1 Nxe2+ 18. Rxe2 Qf6 19. Qe1 Bf7 20. Bc3 Qg5 21. f4
Qg4 22. Re7 Rfe8 23. Rxe8+ Rxe8 24. Qf1 Re2 25. Kh1 Bxc4 26. a4 d5 27. Bb4 Kf7
28. Nf3 Re3 29. Ne5+ Rxe5 30. Qxc4 dxc4 31. fxe5 Qd4 32. Kg2 Qxa1 0-1

[Event "Bad Woerishofen Sen"]
[Site "Bad Woerishofen"]
[Date "2001.??.??"]
[Round "2"]
[White "Weigel, Herbert"]
[Black "Haasper, Peter"]
[Result "1-0"]
[WhiteElo "2153"]
[BlackElo "1804"]
[Annotator "ChessOrg"]
[PlyCount "84"]
[EventDate "1998.03.05"]
[Source "ChessBase"]
[SourceDate "1998.04.29"]

1. e4 e6 2. d4 d5 3. Nd2 Nf6 4. e5 Nfd7 5. c3 c5 6. Bd3 Nc6 7. Ne2 Qc7 8. O-O
cxd4 9. cxd4 f6 10. Nf4 Nxd4 11. Qh5+ Ke7 12. Ng6+ hxg6 13. exf6+ Nxf6 14. Qxh8
Kf7 15. Qh4 e5 16. Nb3 Nf5 17. Bxf5 Bxf5 18. Bg5 d4 19. Rfe1 d3 20. Rac1 Qd6
21. Qc4+ Nd5 22. Nd2 Rc8 23. Ne4 Rxc4 24. Nxd6+ Bxd6 25. Rxc4 e4 26. a3 Nf4 27.
Bxf4 Bxf4 28. h3 g5 29. g4 Bg6 30. Rexe4 Bxe4 31. Rxe4 Bc1 32. Rd4 d2 33. a4
Ke6 34. Kf1 b6 35. b3 Ke7 36. Ke2 Ke6 37. Rd3 Ke7 38. b4 Ke6 39. b5 Ke7 40. Rc3
Kd7 41. Rc6 Bb2 42. Kxd2 Bf6 1-0

[Event "Bad Woerishofen Sen"]
[Site "Bad Woerishofen"]
[Date "2001.??.??"]
[Round "4"]
[White "Weigel, Herbert"]
[Black "Ottmann, Josef"]
[Result "1/2-1/2"]
[WhiteElo "2153"]
[BlackElo "1940"]
[Annotator "ChessOrg"]
[PlyCount "94"]
[EventDate "1998.03.05"]
[Source "ChessBase"]
[SourceDate "1998.04.29"]

1. d4 Nf6 2. c4 e6 3. Nc3 Bb4 4. Qc2 c5 5. dxc5 Bxc5 6. Nf3 Nc6 7. e3 O-O 8. a3
Be7 9. b3 a6 10. Bb2 Qc7 11. Be2 b6 12. O-O Bb7 13. h3 Rac8 14. Rac1 Na5 15.
Nd4 g6 16. Na2 e5 17. Nf3 Bxf3 18. Bxf3 Nc6 19. Nc3 Qb8 20. Rfd1 Rfd8 21. Nd5
Nxd5 22. Bxd5 Bf8 23. Qe4 Re8 24. h4 Bg7 25. h5 Ne7 26. hxg6 hxg6 27. Bb7 f5
28. Bd5+ Kf8 29. Qh4 Nxd5 30. Rxd5 d6 31. Rcd1 Re6 32. a4 Kf7 33. Ba3 Rh8 34.
Qg3 Bf8 35. e4 f4 36. Qd3 Qd8 37. Bxd6 Qh4 38. Kf1 Qh1+ 39. Ke2 Qxg2 40. Bxf8
Rxf8 41. Rd7+ Kf6 42. Qf3 Qxf3+ 43. Kxf3 Rh8 44. Kg2 a5 45. R1d6 Rhe8 46. Kf3
Rxd6 47. Rxd6+ Re6 1/2-1/2

[Event "Bad Woerishofen Sen"]
[Site "Bad Woerishofen"]
[Date "2001.??.??"]
[Round "6"]
[White "Weigel, Herbert"]
[Black "Gretzer, Otmar"]
[Result "1/2-1/2"]
[WhiteElo "2153"]
[BlackElo "2186"]
[Annotator "ChessOrg"]
[PlyCount "34"]
[EventDate "1998.03.05"]
[Source "ChessBase"]
[SourceDate "1998.04.29"]

1. e4 c6 2. d4 d5 3. Nc3 dxe4 4. Nxe4 Nf6 5. Nxf6+ exf6 6. Bc4 Qe7+ 7. Qe2
Qxe2+ 8. Nxe2 Be6 9. Bb3 Bd6 10. O-O O-O 11. Re1 Bxb3 12. axb3 Nd7 13. Bf4 Bxf4
14. Nxf4 Rfe8 15. c3 Kf8 16. Kf1 Rxe1+ 17. Rxe1 Re8 1/2-1/2

[Event "Bad Woerishofen Sen"]
[Site "Bad Woerishofen"]
[Date "2001.??.??"]
[Round "8"]
[White "Weigel, Herbert"]
[Black "Fahnenschmidt, Gerhard"]
[Result "1-0"]
[WhiteElo "2153"]
[BlackElo "2270"]
[Annotator "ChessOrg"]
[PlyCount "118"]
[EventDate "1998.03.05"]
[Source "ChessBase"]
[SourceDate "1998.04.29"]

1. d4 Nf6 2. Nf3 c5 3. e3 d5 4. c4 cxd4 5. exd4 Nc6 6. Nc3 Bg4 7. cxd5 Bxf3 8.
Qxf3 Nxd4 9. Qd1 e5 10. dxe6 fxe6 11. Be3 Bc5 12. Bd3 O-O 13. O-O e5 14. h3 Kh8
15. Rc1 Rc8 16. Bb1 Rc6 17. Ne4 Bb6 18. Rxc6 bxc6 19. Qd3 Qd7 20. Kh1 Nh5 21.
Rd1 g6 22. Qa3 Re8 23. Qd6 Qc8 24. Ng5 Bc7 25. Qc5 Kg7 26. Bxd4 exd4 27. Qxd4+
Nf6 28. Qc4 Re7 29. Qxc6 Qd8 30. Qc2 Qd5 31. Nf3 Qh5 32. Kg1 Bb6 33. Qc3 Qb5
34. Bd3 Qe8 35. b3 Rc7 36. Bc4 Rc5 37. Re1 Qd8 38. a4 Rf5 39. Qd3 Qc7 40. Rd1
Qg3 41. Rd2 Qf4 42. Re2 Qc1+ 43. Re1 Qa3 44. Nd4 Rxf2 45. Kxf2 Qb2+ 46. Re2
Bxd4+ 47. Kf3 Qa1 48. Re7+ Kh8 49. Rf7 Qb2 50. Qe2 Qc3+ 51. Bd3 Qc6+ 52. Be4
Qc3+ 53. Qd3 Qa1 54. Rf8+ Kg7 55. Rc8 Qg1 56. Rc2 h5 57. g4 Qh1+ 58. Kg3 Nxe4+
59. Kf4 Nf6 1-0

[Event "Bad Woerishofen Sen"]
[Site "Bad Woerishofen"]
[Date "2001.??.??"]
[Round "1"]
[White "Wendel, Walter"]
[Black "Scheerer, Helmut"]
[Result "0-1"]
[WhiteElo "1418"]
[BlackElo "1784"]
[Annotator "ChessOrg"]
[PlyCount "82"]
[EventDate "1998.03.05"]
[Source "ChessBase"]
[SourceDate "1998.04.29"]

1. e4 e5 2. Nf3 Nc6 3. Bb5 a6 4. Ba4 Nf6 5. O-O Nxe4 6. d4 b5 7. Bb3 d5 8. dxe5
Be6 9. c3 Be7 10. Bc2 O-O 11. Nbd2 Nxd2 12. Bxd2 d4 13. cxd4 Nxd4 14. Be4 Rb8
15. Ba5 Bc5 16. Bc3 Nxf3+ 17. Qxf3 Qe7 18. b3 Rbd8 19. Qh5 h6 20. Qe2 Qg5 21.
Kh1 Qf4 22. g3 Qxe4+ 23. Qxe4 Bd5 24. Qxd5 Rxd5 25. Rad1 Rxd1 26. Rxd1 Bxf2 27.
Ba5 c5 28. Rd6 Ra8 29. Kg2 Bd4 30. e6 fxe6 31. Rxe6 Rf8 32. Re2 Rf6 33. Bd2 Kf7
34. h4 Re6 35. Kf3 Rxe2 36. Kxe2 Ke6 37. g4 Kd5 38. h5 Bf6 39. Kf3 c4 40. bxc4+
bxc4 41. Bxh6 gxh6 0-1

[Event "Bad Woerishofen Sen"]
[Site "Bad Woerishofen"]
[Date "2001.??.??"]
[Round "3"]
[White "Wendel, Walter"]
[Black "Oser, Thor"]
[Result "1-0"]
[WhiteElo "1418"]
[BlackElo "1700"]
[Annotator "ChessOrg"]
[PlyCount "57"]
[EventDate "1998.03.05"]
[Source "ChessBase"]
[SourceDate "1998.04.29"]

1. e4 c5 2. Nf3 Nc6 3. d4 cxd4 4. Nxd4 a6 5. Nc3 e6 6. a3 Bc5 7. Be3 Qf6 8.
Nce2 Nge7 9. c3 O-O 10. Qd2 e5 11. Nxc6 Qxc6 12. Ng3 Bxe3 13. Qxe3 d5 14. Rc1
dxe4 15. Qxe4 Qb6 16. b4 Bd7 17. Bd3 f5 18. Qxe5 Kh8 19. O-O Rae8 20. Qe2 Ng6
21. Qc2 f4 22. Ne4 Bf5 23. Nc5 Bxd3 24. Qxd3 Rd8 25. Qe4 Rfe8 26. Qxb7 Qf6 27.
Qxa6 Qg5 28. Ne6 Qf6 29. Rfe1 1-0

[Event "Bad Woerishofen Sen"]
[Site "Bad Woerishofen"]
[Date "2001.??.??"]
[Round "5"]
[White "Wendel, Walter"]
[Black "Ruppelt, Guenter"]
[Result "1/2-1/2"]
[WhiteElo "1418"]
[BlackElo "1700"]
[Annotator "ChessOrg"]
[PlyCount "62"]
[EventDate "1998.03.05"]
[Source "ChessBase"]
[SourceDate "1998.04.29"]

1. e4 d6 2. d4 Nf6 3. Nc3 g6 4. Be3 Bg7 5. Qd2 Ng4 6. Bf4 e5 7. dxe5 Nxe5 8.
Be2 h5 9. Nf3 Nxf3+ 10. Bxf3 Nc6 11. Be3 Ne5 12. Be2 Be6 13. h3 Nc4 14. Bxc4
Bxc4 15. O-O-O Qe7 16. Kb1 b6 17. Nd5 Qd8 18. Bd4 f6 19. Rhe1 O-O 20. Be3 Bxd5
21. exd5 Kh7 22. Qd3 Rf7 23. Bd4 Re7 24. Re6 Rxe6 25. dxe6 a5 26. Qe4 Qe7 27.
f4 Re8 28. Re1 f5 29. Qd5 Qh4 30. Rf1 Qe7 31. Re1 Qh4 1/2-1/2